Loading...
| Geography | 0 | 3 | 0 | 0 | 30 | 84 | 92.33 | 0 | 1 | 8.95 | 22.42 |
| Philosophy | 0 | 3 | 0 | 1 | 30 | 54 | 83.33 | 0 | 1 | 7.95 | 15.91 |
| History - World | 0 | 2 | 0 | 1 | 20 | 62 | 82.00 | 0 | 1 | 4.01 | 7.64 |
| History - European | 0 | 2 | 0 | 0 | 20 | 34 | 37.50 | 1 | 2 | 11.34 | 15.91 |
| Fine Arts - Painting and Sculpture | 0 | 2 | 0 | 1 | 20 | 47 | 82.50 | 0 | 1 | 5.73 | 8.93 |
| Literature - European | 0 | 2 | 0 | 1 | 20 | 91 | 107.50 | 0 | 0 | 2.58 | 4.96 |
| History - Other | 0 | 2 | 1 | 0 | 15 | 82 | 92.00 | 0 | 1 | 3.41 | 12.74 |
| Science - Other | 0 | 1 | 0 | 1 | 10 | 108 | 108.00 | 0 | 0 | 0.00 | 1.82 |
| Fine Arts - Other | 0 | 2 | 2 | 0 | 10 | 49 | 72.00 | 0 | 0 | 6.39 | 7.93 |
| Literature - American | 0 | 1 | 0 | 0 | 10 | 77 | 77.00 | 0 | 0 | 2.90 | 2.73 |
| Literature - World | 0 | 1 | 1 | 0 | 5 | 82 | 82.00 | 0 | 0 | 2.06 | 3.31 |
| Current Events | 0 | 1 | 1 | 0 | 5 | 92 | 92.00 | 0 | 0 | 3.90 | 14.58 |
| Literature - British | 0 | 0 | 0 | 0 | 0 | 0.00 | 0 | 0 | 0.00 | 0.00 | |
| Fine Arts - Classical Music | 0 | 1 | 2 | 1 | 0 | 120 | 120.00 | 0 | 0 | 0.15 | 0.91 |